Valuiing freedoms : (Record no. 5254)

MARC details
000 -LEADER
fixed length control field 00704nam a22002292 4500
001 - CONTROL NUMBER
control field 0000001431
005 - DATE AND TIME OF LATEST TRANSACTION
control field 20151217151817.0
008 - FIXED-LENGTH DATA ELEMENTS--GENERAL INFORMATION
fixed length control field 070312s xx 000 0 eng d
020 ## - INTERNATIONAL STANDARD BOOK NUMBER
International Standard Book Number 0199283311 :
Terms of availability KES 3,300
040 ## - CATALOGING SOURCE
Original cataloging agency KABU
Transcribing agency KABU
050 #0 - LIBRARY OF CONGRESS CALL NUMBER
Classification number HB99.3
Item number .A45
100 1# - MAIN ENTRY--PERSONAL NAME
Personal name Alkire, Sabina.
-- 0000150172
245 10 - TITLE STATEMENT
Title Valuiing freedoms :
Remainder of title Sen's capability approach and poverty reduction.
260 ## - PUBLICATION, DISTRIBUTION, ETC. (IMPRINT)
Place of publication, distribution, etc. Oxford :
Name of publisher, distributor, etc. OUP,
Date of publication, distribution, etc. 2002.
300 ## - PHYSICAL DESCRIPTION
Extent xii, 340 p.
600 10 - SUBJECT ADDED ENTRY--PERSONAL NAME
Personal name Sen, Amartya Kumar.
-- 0000150173
650 #0 - SUBJECT ADDED ENTRY--TOPICAL TERM
Topical term or geographic name as entry element Welfare economics.
-- 0000150036
650 #0 - SUBJECT ADDED ENTRY--TOPICAL TERM
Topical term or geographic name as entry element Poverty
Geographic subdivision Developing countries.
-- 0000150080
908 ## - PUT COMMAND PARAMETER (RLIN)
Put command parameter 070312
950 ## - LOCAL HOLDINGS (RLIN)
-- 1
Holdings
Withdrawn status Lost status Source of classification or shelving scheme Not for loan Home library Current library Date acquired Total Checkouts Full call number Barcode Date last seen Price effective from Koha item type
    Library of Congress Classification   Kabarak, Main Campus Kabarak, Main Campus 17/12/2015   HB99.3 .A45 001167 02/08/2024 17/12/2015 General Collection
Designed with assistance from East African Informatics Ltd